| 000 | 00373nam a2200145 a 4500 | ||
|---|---|---|---|
| 001 | 3702 | ||
| 003 | CDMR | ||
| 005 | 20130116135248.0 | ||
| 008 | 130130s1969||||||||||||||||||||||||||||d | ||
| 040 |
_aCDMR _bcat _cCDMR |
||
| 100 | 1 |
_aBrasero Paredes, José Luís _92638 |
|
| 245 | 1 | 4 |
_aUna teología política _cJosé Luís Brasero Paredes |
| 260 |
_aBarcelona _c1969 |
||
| 942 | _cTSN | ||
| 999 |
_c3702 _d3702 |
||